[Event "Tournoi Skype 026B"]
[Site "Skype"]
[Date "????.??.??"]
[Round "1.37"]
[White "Roberts, Mario"]
[Black "Bustos, Ricardo"]
[Result "1/2-1/2"]
[WhiteElo "1000"]
[BlackElo "1243"]
[PlyCount "102"]

1. d4 Nf6 2. Bf4 d6 3. e3 Nbd7 4. Bc4 e5 5. dxe5 dxe5 6. Bg3 Bd6 7. e4 Nxe4 8.
Nc3 Nxc3 9. bxc3 O-O 10. Ne2 Nf6 11. O-O Bg4 12. f3 Bf5 13. Bd3 Bc5+ 14. Bf2
Bxf2+ 15. Rxf2 Bxd3 16. cxd3 Qd7 17. d4 Qd5 18. Ng3 exd4 19. cxd4 Rad8 20. Rd2
c5 21. Rc1 cxd4 22. Qe2 Rfe8 23. Qd3 Re3 24. Qb1 b6 25. Rcd1 Qe5 26. Qc1 h6 27.
Qc2 d3 28. Qb1 Re8 29. Rxd3 Re1+ 30. Nf1 Qc5+ 31. Kh1 g6 32. h3 Qf2 33. R3d2
Qxf1+ 34. Kh2 Qh1+ 35. Kg3 Nh5+ 36. Kg4 f5+ 37. Kh4 Rxd1 38. Qb3+ Kh7 39. Rxd1
Qxg2 40. f4 Nxf4 41. Qg3 Qxg3+ 42. Kxg3 Ne2+ 43. Kf3 Nc3 44. Rd7+ Kg8 45. Rxa7
Rb8 46. Rc7 Nd5 47. Rc6 Kg7 48. Rd6 Nf6 49. Kf4 b5 50. Ke5 b4 51. Rxf6 Rb5+
1/2-1/2

[Event "Tournoi Skype 026B"]
[Site "Skype"]
[Date "????.??.??"]
[Round "1.39"]
[White "Schuh, David"]
[Black "Codina, Teresa"]
[Result "0-1"]
[WhiteElo "1000"]
[BlackElo "1227"]
[PlyCount "134"]

1. d4 Nf6 2. c4 c6 3. Bf4 d5 4. e3 e6 5. Nf3 Bd6 6. Bxd6 Qxd6 7. h3 O-O 8. Bd3
Qb4+ 9. Nbd2 Qxb2 10. O-O Qb6 11. Qc2 h6 12. Rfb1 Qc7 13. Rb3 Nbd7 14. cxd5
exd5 15. Ne5 Re8 16. Nxd7 Bxd7 17. Rab1 Rab8 18. Nf3 Rec8 19. Ne5 Be8 20. a4
Rd8 21. Ra3 b6 22. f4 Qd6 23. Qc3 Ne4 24. Bxe4 dxe4 25. Qc2 Qxa3 26. Rb3 Qd6
27. Qxe4 Qd5 28. Qxd5 cxd5 29. a5 f6 30. Ng4 bxa5 31. Ra3 a4 32. Kf2 h5 33. Nh2
Rb2+ 34. Kf3 Rb3 35. Rxb3 axb3 36. Nf1 Rc8 37. Nd2 b2 38. e4 dxe4+ 39. Kxe4 Rc1
40. g4 hxg4 41. hxg4 Rc2 42. Kd3 Ba4 43. g5 fxg5 44. fxg5 Rc1 45. d5 Rd1 46.
Ke2 Rxd2+ 47. Kxd2 b1=Q 48. d6 Qd1+ 49. Kc3 Qxd6 50. g6 Qb4+ 51. Kxb4 Bc2 52.
Ka5 Bd3 53. Ka4 Bxg6 54. Ka5 Bd3 55. Kb4 g5 56. Kc3 Bb5 57. Kd4 a6 58. Ke3 g4
59. Kf4 Bd7 60. Kg3 a5 61. Kf2 a4 62. Kg3 a3 63. Kh4 a2 64. Kh5 a1=Q 65. Kh6
Qg7+ 66. Kh5 g3 67. Kh4 Qg4# 0-1

[Event "Tournoi Skype 026B"]
[Site "Skype"]
[Date "????.??.??"]
[Round "1.40"]
[White "Vervoort, Jean-Louis"]
[Black "Tolaro, Filippa"]
[Result "1/2-1/2"]
[WhiteElo "1224"]
[BlackElo "1000"]
[PlyCount "104"]

1. d4 d5 2. c4 c6 3. Nc3 Bf5 4. Nf3 e6 5. Bf4 Nf6 6. Bg5 Be7 7. Bxf6 Bxf6 8. e3
Nd7 9. Bd3 Bxd3 10. Qxd3 O-O 11. O-O Re8 12. cxd5 exd5 13. Rfe1 c5 14. Re2 cxd4
15. exd4 Rxe2 16. Qxe2 Nf8 17. b4 Ne6 18. Qe3 Rc8 19. a3 a6 20. g4 h6 21. Kg2
Rc4 22. Rd1 Qe7 23. Nxd5 Qd6 24. Nxf6+ gxf6 25. Rc1 Nf4+ 26. Kf1 Nd5 27. Qxh6
Rxc1+ 28. Qxc1 Kf8 29. Qc8+ Kg7 30. g5 b5 31. gxf6+ Nxf6 32. Qc5 Qf4 33. Ke2
Qe4+ 34. Kf1 Qxf3 35. Qg5+ Kf8 36. Qg3 Qd1+ 37. Kg2 Qxd4 38. Qf3 Ng4 39. Kg3
Ne5 40. Qa8+ Kg7 41. h4 Qd3+ 42. Kg2 Qg6+ 43. Kf1 Ng4 44. Qg2 Qb1+ 45. Ke2 Kf8
46. Qxg4 Qb2+ 47. Kf1 Qb1+ 48. Kg2 f5 49. Qg6 Qe4+ 50. f3 Qe2+ 51. Kg3 Qe1+ 52.
Kh2 Qf2+ 1/2-1/2

[Event "Tournoi Skype 026B"]
[Site "Skype"]
[Date "????.??.??"]
[Round "1.41"]
[White "Trolese, Caterina"]
[Black "Chavez, Isidro"]
[Result "0-1"]
[WhiteElo "1000"]
[BlackElo "1217"]
[PlyCount "48"]

1. e4 c5 2. Nf3 d5 3. exd5 Qxd5 4. Be2 e5 5. c4 Qd6 6. O-O Bf5 7. Nc3 Nc6 8. b3
Be7 9. Ba3 Nf6 10. Nb5 Qd8 11. Bb2 a6 12. Na3 Bd6 13. d3 O-O 14. Nh4 Qd7 15.
Nc2 Bc7 16. a3 Rad8 17. b4 b6 18. b5 axb5 19. cxb5 Ne7 20. d4 cxd4 21. Bd3 Bg4
22. Qd2 e4 23. Be2 Qd6 24. Bxg4 Qxh2# 0-1

[Event "Tournoi Skype 026B"]
[Site "Skype"]
[Date "????.??.??"]
[Round "1.42"]
[White "Hargez, Dany"]
[Black "Tupe, Jyoti"]
[Result "1-0"]
[WhiteElo "1217"]
[BlackElo "1000"]
[PlyCount "49"]

1. e4 e5 2. d4 Nf6 3. Bg5 Nc6 4. c3 h6 5. Bxf6 gxf6 6. Nf3 d6 7. Bb5 Bg4 8.
Nbd2 a6 9. Bxc6+ bxc6 10. Qa4 Qd7 11. h3 c5 12. hxg4 Qxa4 13. d5 f5 14. gxf5 h5
15. b3 Qa3 16. Nc4 Qa4 17. bxa4 Rb8 18. O-O Bh6 19. f6 h4 20. Nxh4 Bf4 21. Nf3
Kd7 22. Rfb1 Rbg8 23. Rb7 Rg6 24. Nb6+ Kd8 25. Rb8# 1-0

[Event "Tournoi Skype 026B"]
[Site "Skype"]
[Date "????.??.??"]
[Round "2.1"]
[White "Bendre, Pankaj"]
[Black "Felippe E Silva, Glenda"]
[Result "1/2-1/2"]
[WhiteElo "1461"]
[BlackElo "1314"]
[PlyCount "75"]

1. e4 c6 2. d4 d5 3. Nc3 dxe4 4. Nxe4 Bf5 5. Ng3 Bg6 6. N1e2 Nf6 7. Nf4 e6 8.
Bd3 Bxd3 9. Qxd3 g6 10. Nfe2 Bg7 11. Bg5 Nbd7 12. Ne4 Qc7 13. Bf4 Qb6 14. Nd6+
Kf8 15. Nc4 Qb4+ 16. c3 Qa4 17. b3 Qa6 18. Qc2 Nd5 19. Bd6+ Kg8 20. O-O Bf8 21.
Bg3 N7f6 22. Be5 Rd8 23. Rfe1 b5 24. Nd2 Bd6 25. Bxd6 Rxd6 26. a3 Kg7 27. c4
Rc8 28. cxd5 cxd5 29. Qb2 Rdc6 30. Rec1 Rb6 31. Ng3 Qb7 32. Rc5 a5 33. Rxc8
Qxc8 34. Rc1 Rc6 35. Ne2 b4 36. a4 Qa6 37. Nf3 Rd6 38. Ng5 1/2-1/2

[Event "Tournoi Skype 026B"]
[Site "Skype"]
[Date "????.??.??"]
[Round "2.2"]
[White "De Nobrega, George"]
[Black "Zenini, Simone"]
[Result "1-0"]
[WhiteElo "1301"]
[BlackElo "1458"]
[PlyCount "115"]

1. f4 d5 2. Nf3 Nf6 3. d4 e6 4. e3 a6 5. Bd3 c5 6. O-O cxd4 7. Nxd4 Nbd7 8. b3
Nc5 9. Be2 Be7 10. Bb2 Nce4 11. Nd2 Nxd2 12. Qxd2 Ne4 13. Qd3 Bf6 14. Bf3 Nd6
15. Rab1 Bd7 16. Ba3 Nb5 17. Bb2 Nxd4 18. Bxd4 Bb5 19. c4 Bc6 20. Rbd1 O-O 21.
Bxf6 Qxf6 22. cxd5 Bb5 23. Qd4 Qxd4 24. Rxd4 Bxf1 25. Kxf1 exd5 26. Rxd5 Rab8
27. Rd7 b6 28. b4 Rfd8 29. Ra7 Rd3 30. Ke2 Ra3 31. Bd5 Rf8 32. Bb3 a5 33. bxa5
Rxa5 34. Rb7 Rb5 35. Kf3 g6 36. g4 h6 37. h4 g5 38. hxg5 hxg5 39. fxg5 Kg7 40.
Kf4 Kg6 41. e4 f6 42. gxf6 Rxf6+ 43. Kg3 Rc5 44. Rb8 Kg5 45. Rg8+ Rg6 46. Rh8
Rc3+ 47. Kg2 Kxg4 48. Bd1+ Kf4+ 49. Kf2 Kxe4 50. Rh4+ Ke5 51. Rh5+ Kd6 52. Rb5
Kc7 53. Re5 Rc5 54. Re7+ Kd6 55. Re3 Rf5+ 56. Bf3 Re6 57. Rd3+ Rd5 58. Rxd5+
1-0

[Event "Tournoi Skype 026B"]
[Site "Skype"]
[Date "????.??.??"]
[Round "2.3"]
[White "Couto, Januario"]
[Black "Moumtaz, Abderrahim"]
[Result "1-0"]
[WhiteElo "1448"]
[BlackElo "1295"]
[PlyCount "119"]

1. e4 e5 2. Nf3 Nf6 3. Nxe5 d6 4. Nf3 Nxe4 5. Nc3 Bf5 6. Nd4 Bg6 7. Bd3 Nxc3 8.
dxc3 Nd7 9. O-O c5 10. Re1+ Be7 11. Bg5 f6 12. Bf4 cxd4 13. cxd4 O-O 14. c4 f5
15. Qb3 Nf6 16. c5+ Kh8 17. Re2 Qd7 18. Rae1 Bd8 19. Bb5 Qf7 20. Bc4 d5 21. Bd3
Re8 22. Be5 Bc7 23. Bb5 Re7 24. f4 Bxe5 25. fxe5 Nh5 26. Rf2 Qe6 27. Ref1 Rf7
28. Be2 Raf8 29. Qd1 f4 30. Bxh5 Bxh5 31. Qxh5 Qg6 32. Qxg6 hxg6 33. Rf3 g5 34.
Rh3+ Kg8 35. Rb3 g4 36. Rd3 f3 37. Re3 f2+ 38. Kh1 Rf4 39. Rd3 Re4 40. g3 Re1
41. Kg2 Re2 42. Rb3 Rf7 43. e6 Rxe6 44. Rxf2 Rxf2+ 45. Kxf2 Re7 46. Re3 Kf7 47.
Rxe7+ Kxe7 48. Ke3 g5 49. b4 a6 50. a4 Kd7 51. b5 Kc7 52. Kf2 a5 53. Kg2 b6 54.
c6 Kd6 55. h3 gxh3+ 56. Kxh3 Kc7 57. Kg4 Kd6 58. Kxg5 Kc7 59. Kf6 Kd6 60. g4
1-0

[Event "Tournoi Skype 026B"]
[Site "Skype"]
[Date "????.??.??"]
[Round "2.4"]
[White "Farfallini, Michel"]
[Black "Galani, Mahendra"]
[Result "1-0"]
[WhiteElo "1283"]
[BlackElo "1437"]
[PlyCount "55"]

1. e4 e5 2. Nf3 d6 3. d4 exd4 4. Nxd4 Nf6 5. Nc3 Bd7 6. Bg5 Be7 7. Qd3 c6 8.
O-O-O Na6 9. a3 Nc5 10. Qd2 Ncxe4 11. Nxe4 Nxe4 12. Bxe7 Qxe7 13. Qe3 O-O 14.
f3 c5 15. Ne2 Rfe8 16. fxe4 b5 17. Nc3 b4 18. Nd5 Qd8 19. axb4 cxb4 20. Bc4 a5
21. Rhf1 Be6 22. e5 Bxd5 23. Bxd5 Rxe5 24. Bxf7+ Kh8 25. Qxe5 Qh4 26. Qxd6 Qh6+
27. Qxh6 gxh6 28. Bd5 1-0

[Event "Tournoi Skype 026B"]
[Site "Skype"]
[Date "????.??.??"]
[Round "2.5"]
[White "Ortiz, Vladimir"]
[Black "Mhabdi, Mahesh"]
[Result "1-0"]
[WhiteElo "1432"]
[BlackElo "1287"]
[PlyCount "101"]

1. d4 d6 2. c3 Nf6 3. Bg5 Nbd7 4. Nf3 h6 5. Bxf6 Nxf6 6. Nbd2 Bf5 7. Qb3 Qd7 8.
Qxb7 Qd8 9. e3 Qb8 10. Bb5+ Bd7 11. Bxd7+ Nxd7 12. Qxb8+ Rxb8 13. Rb1 c5 14.
Nc4 g5 15. O-O Bg7 16. h3 d5 17. Nce5 Nxe5 18. Nxe5 cxd4 19. exd4 f6 20. Nd3
Kf7 21. Rfe1 Rb6 22. Kf1 Rhb8 23. Re2 a5 24. Rbe1 R8b7 25. a3 Rb3 26. Rb1 Rxc3
27. Nc5 Rxc5 28. dxc5 Rc7 29. b4 axb4 30. axb4 f5 31. Rc2 Bd4 32. f3 e5 33. c6
Ke7 34. b5 Bb6 35. Ra1 Kd6 36. Ra6 Bc5 37. b6 Bxb6 38. Rxb6 d4 39. Ke2 e4 40.
fxe4 fxe4 41. Rc1 Kd5 42. Rb7 h5 43. Rxc7 e3 44. Rd7+ Ke4 45. c7 d3+ 46. Rxd3
Kf4 47. c8=Q g4 48. Qc7+ Kg5 49. Qe5+ Kg6 50. Rd6+ Kf7 51. Rc7+ 1-0

[Event "Tournoi Skype 026B"]
[Site "Skype"]
[Date "????.??.??"]
[Round "2.7"]
[White "Hernandez Lopez, Joaquin"]
[Black "Gerbaux, Regis"]
[Result "1-0"]
[WhiteElo "1277"]
[BlackElo "1404"]
[PlyCount "65"]

1. c4 c5 2. d3 d6 3. g3 Nc6 4. Bg2 Nf6 5. e3 e5 6. Ne2 Bf5 7. Nbc3 a6 8. O-O
Qc8 9. f4 Bh3 10. fxe5 dxe5 11. Nd5 Nxd5 12. cxd5 Bxg2 13. Kxg2 Ne7 14. e4 Ng6
15. Ng1 Be7 16. Nf3 h6 17. a4 Bg5 18. b3 Bxc1 19. Rxc1 Qg4 20. Kh1 Rc8 21. Nd2
Qd7 22. Nc4 Rd8 23. Nb6 Qe7 24. Qd2 O-O 25. Qc3 Rd6 26. Qxc5 Rf6 27. Qxe7 Nxe7
28. Nd7 Rxf1+ 29. Rxf1 Rc8 30. Nxe5 Rc3 31. Rxf7 Rc1+ 32. Kg2 Rc2+ 33. Kh3 1-0

[Event "Tournoi Skype 026B"]
[Site "Skype"]
[Date "????.??.??"]
[Round "2.8"]
[White "Duthoit, Bernard"]
[Black "Rodriguez, Nathalie"]
[Result "0-1"]
[WhiteElo "1378"]
[BlackElo "1268"]
[PlyCount "62"]

1. e4 e5 2. d4 Nc6 3. d5 Nce7 4. Nf3 d6 5. c4 Ng6 6. Nc3 Be7 7. Be3 Nf6 8. Be2
h6 9. O-O Bd7 10. Rc1 a6 11. a3 c5 12. b4 Nf4 13. Bxf4 exf4 14. bxc5 dxc5 15.
Bd3 Bd6 16. e5 Bxe5 17. Nxe5 Qe7 18. Re1 O-O 19. Ng6 Qd6 20. Nxf8 Rxf8 21. Ne4
Nxe4 22. Bxe4 f5 23. Bd3 Qf6 24. Rb1 b5 25. Qd2 Qg5 26. Qa5 f3 27. g3 f4 28.
Be4 Qg4 29. Kh1 fxg3 30. fxg3 f2 31. Rf1 Qxe4# 0-1

[Event "Tournoi Skype 026B"]
[Site "Skype"]
[Date "????.??.??"]
[Round "2.9"]
[White "Khatanhar, Mohit"]
[Black "Luna Perez Vico, Lorenzo"]
[Result "1-0"]
[WhiteElo "1256"]
[BlackElo "1376"]
[PlyCount "55"]

1. e4 c5 2. c4 Nc6 3. d3 d6 4. Be2 Nf6 5. h3 Nd4 6. Nf3 Nxe2 7. Qxe2 e5 8. Nc3
h6 9. Qc2 Bd7 10. Qe2 Be7 11. Be3 Qb6 12. b3 Qa5 13. Bd2 Qc7 14. O-O O-O 15.
Nh2 a6 16. f4 exf4 17. Bxf4 Be6 18. Nd1 Nd7 19. Nf2 Bf6 20. Rae1 Ne5 21. Nfg4
Nxg4 22. Nxg4 Bxg4 23. Qxg4 Kh8 24. Qh5 Kh7 25. Kh1 Rae8 26. Bxh6 Kg8 27. Rxf6
gxf6 28. Qg4+ 1-0

[Event "Tournoi Skype 026B"]
[Site "Skype"]
[Date "????.??.??"]
[Round "2.10"]
[White "Amato, Ludovica"]
[Black "Battaglia, Gabriele"]
[Result "1/2-1/2"]
[WhiteElo "1368"]
[BlackElo "1243"]
[PlyCount "66"]

1. e4 c5 2. Nf3 Nc6 3. d4 cxd4 4. Nxd4 g6 5. Nc3 Bg7 6. Be3 d6 7. Be2 Nf6 8. h3
O-O 9. Qd2 Nxd4 10. Bxd4 e5 11. Be3 Be6 12. O-O-O Qa5 13. Kb1 Rfd8 14. Bf3 b5
15. Bh6 b4 16. Nd5 Rab8 17. h4 Rb5 18. h5 Nxd5 19. exd5 Bxd5 20. Bxd5 Rxd5 21.
Qg5 Rxd1+ 22. Rxd1 Bh8 23. g3 d5 24. f4 e4 25. f5 d4 26. hxg6 fxg6 27. fxg6
Qxg5 28. Bxg5 Rd5 29. gxh7+ Kxh7 30. Be3 Rf5 31. Bg1 a5 32. Kc1 Be5 33. Bxd4
Bxd4 1/2-1/2

[Event "Tournoi Skype 026B"]
[Site "Skype"]
[Date "????.??.??"]
[Round "2.11"]
[White "Sanchez, Pedro"]
[Black "De Coninck, Philippe"]
[Result "1-0"]
[WhiteElo "1228"]
[BlackElo "1352"]
[PlyCount "55"]

1. e4 e5 2. Nf3 Nf6 3. Bd3 c6 4. Nxe5 Qe7 5. Nf3 Nxe4 6. O-O Qd8 7. Bxe4 Bd6 8.
Re1 O-O 9. c4 Qc7 10. g3 Bc5 11. Ng5 g6 12. d4 Bb4 13. Bd2 Bxd2 14. Nxd2 Qb6
15. Qg4 Qxd4 16. Qh4 Qg7 17. Bf5 d6 18. Bxc8 Rxc8 19. Qg4 Na6 20. Nde4 f5 21.
Qf4 fxe4 22. Rxe4 Nc5 23. Rd4 Rd8 24. Rxd6 Rxd6 25. Qxd6 Na4 26. Qe6+ Kf8 27.
Qg4 Re8 28. Ne6+ 1-0

[Event "Tournoi Skype 026B"]
[Site "Skype"]
[Date "????.??.??"]
[Round "2.12"]
[White "Codina, Teresa"]
[Black "Mantelli, Luca"]
[Result "0-1"]
[WhiteElo "1227"]
[BlackElo "1347"]
[PlyCount "54"]

1. d4 Nf6 2. c4 e6 3. Nf3 d5 4. e3 Nbd7 5. Nc3 c5 6. cxd5 exd5 7. Bb5 a6 8.
Bxd7+ Bxd7 9. O-O Be7 10. dxc5 Bxc5 11. Nxd5 O-O 12. Nc3 Qe7 13. Bd2 Bf5 14. h3
h6 15. a3 Rfd8 16. b4 Bd6 17. Qb3 Ne4 18. Nxe4 Bxe4 19. Bc3 Bxf3 20. gxf3 Qh4
21. Kg2 Bc7 22. Bd4 Rd6 23. f4 Qh5 24. Qd1 Rg6+ 25. Kh2 Qh4 26. Rg1 Qxf2+ 27.
Rg2 Qxg2# 0-1

[Event "Tournoi Skype 026B"]
[Site "Skype"]
[Date "????.??.??"]
[Round "2.14"]
[White "Chavez, Isidro"]
[Black "Franca, Diego"]
[Result "1/2-1/2"]
[WhiteElo "1217"]
[BlackElo "1331"]
[PlyCount "92"]

1. d4 Nf6 2. e3 g6 3. c3 Bg7 4. Bc4 d5 5. Bd3 O-O 6. Nf3 Bg4 7. Nbd2 c5 8. h3
Bxf3 9. Nxf3 cxd4 10. exd4 Nc6 11. Bg5 Re8 12. Qb3 Na5 13. Qa4 Qb6 14. Be3 Qxb2
15. Rc1 Nc6 16. Bb5 Rec8 17. O-O a6 18. Bd3 b5 19. Qc2 Qa3 20. Rb1 b4 21. Rb3
Qa4 22. c4 Na5 23. Rbb1 Qxc2 24. Bxc2 Nxc4 25. Rxb4 Nxe3 26. fxe3 Rxc2 27. Rb7
e6 28. Ne5 Rf8 29. a4 Ra2 30. Ra7 Rxa4 31. g4 g5 32. Kg2 Ra2+ 33. Rf2 Rxf2+ 34.
Kxf2 Ne4+ 35. Kf3 Bxe5 36. dxe5 Nd2+ 37. Ke2 Nc4 38. Rxa6 Nxe5 39. Kf2 f5 40.
Rxe6 fxg4+ 41. Ke2 gxh3 42. Rxe5 h2 43. Rxg5+ Kh8 44. Rh5 Re8 45. Kd3 Re5 46.
Rxh2 Kg7 1/2-1/2

[Event "Tournoi Skype 026B"]
[Site "Skype"]
[Date "????.??.??"]
[Round "2.15"]
[White "Torres, Vicky"]
[Black "Tembhurnekar, Ritu"]
[Result "0-1"]
[WhiteElo "1327"]
[BlackElo "1179"]
[PlyCount "64"]

1. d4 d5 2. Bf4 Bf5 3. e3 e6 4. c3 c6 5. Nf3 Bd6 6. Ne5 Nf6 7. Bd3 O-O 8. Bc2
Qc7 9. Nd2 Nbd7 10. Ndf3 h6 11. h4 Nxe5 12. Nxe5 Rad8 13. Qe2 Qb6 14. O-O-O c5
15. Bh2 cxd4 16. exd4 Rc8 17. Qd2 Bxc2 18. Qxc2 Rfd8 19. g4 Ne4 20. f3 Nxc3 21.
bxc3 Ba3+ 22. Kd2 f6 23. Ng6 Rd7 24. Nf4 Bb2 25. Ne2 Ba3 26. Rb1 Qc6 27. Rb3
Qa6 28. f4 g6 29. Qxg6+ Rg7 30. Qxf6 Rxg4 31. Qxh6 Rg2 32. f5 Qxe2# 0-1

[Event "Tournoi Skype 026B"]
[Site "Skype"]
[Date "????.??.??"]
[Round "2.16"]
[White "Conde, Carmen"]
[Black "Sanchez Padilla, Armando Edilber"]
[Result "0-1"]
[WhiteElo "1201"]
[BlackElo "1324"]
[PlyCount "76"]

1. Nf3 Nf6 2. Nc3 d5 3. d4 Bf5 4. h3 Nc6 5. Bf4 Nb4 6. e4 dxe4 7. Bb5+ c6 8.
Ba4 Qa5 9. Nd2 b5 10. Nb3 Qb6 11. Be3 bxa4 12. d5 Qa6 13. Nd4 Bd7 14. a3 Nbxd5
15. Bd2 e5 16. Nde2 Bc5 17. O-O e3 18. fxe3 Bxe3+ 19. Kh2 Bc5 20. Ng3 e4 21.
Bg5 O-O 22. Bxf6 Ne3 23. Qc1 Nxf1+ 24. Nxf1 Bd6+ 25. Ng3 gxf6 26. Ncxe4 Be5 27.
Nc5 Qb6 28. Nxd7 Bxg3+ 29. Kxg3 Qc7+ 30. Qf4 Qxd7 31. Qg4+ Qxg4+ 32. hxg4 Kh8
33. Rf1 Kg7 34. c4 Rad8 35. Kh4 Rd4 36. c5 Re8 37. Kh5 Re5+ 38. g5 Rxg5# 0-1

[Event "Tournoi Skype 026B"]
[Site "Skype"]
[Date "????.??.??"]
[Round "2.17"]
[White "Baker, Abi"]
[Black "Malbec, Robert"]
[Result "0-1"]
[WhiteElo "1125"]
[BlackElo "1322"]
[PlyCount "66"]

1. c4 e5 2. Nc3 Nf6 3. e4 Bb4 4. Nge2 Nc6 5. g3 d6 6. Bg2 Bg4 7. h3 Be6 8. d3
h6 9. Be3 Qc8 10. Qd2 O-O 11. Bxh6 gxh6 12. Qxh6 Nh7 13. f4 Bd7 14. f5 Nd4 15.
Nxd4 exd4 16. O-O dxc3 17. bxc3 Bxc3 18. Rac1 Bd4+ 19. Kh2 Qd8 20. Rf4 Bg7 21.
Rg4 Qf6 22. Qf4 Qe5 23. Qh6 Kh8 24. Qe3 Qf6 25. e5 dxe5 26. Bxb7 Rab8 27. Qxa7
Bxf5 28. Rh4 Qg5 29. Be4 Bxe4 30. Rxe4 Qd2+ 31. Re2 Qxe2+ 32. Kg1 Rb2 33. Qxc7
Qg2# 0-1

[Event "Tournoi Skype 026B"]
[Site "Skype"]
[Date "????.??.??"]
[Round "2.18"]
[White "Rosenkoetter, David"]
[Black "Aroucha, Abraao"]
[Result "0-1"]
[WhiteElo "1322"]
[BlackElo "1000"]
[PlyCount "50"]

1. e4 c5 2. Nc3 a6 3. g4 d6 4. h4 Nf6 5. g5 Nxe4 6. Nxe4 d5 7. Nxc5 e5 8. Nb3
Nc6 9. Qe2 Be7 10. d3 O-O 11. Bh3 Nb4 12. Be3 d4 13. Bxd4 exd4 14. a3 Re8 15.
axb4 Bxb4+ 16. Nd2 Rxe2+ 17. Nxe2 Qd5 18. O-O-O Bxh3 19. Rxh3 Rc8 20. Nc4 Qg2
21. Rg3 Qxf2 22. Rd2 Bxd2+ 23. Kxd2 b5 24. b3 Re8 25. Kc1 Rxe2 0-1

[Event "Tournoi Skype 026B"]
[Site "Skype"]
[Date "????.??.??"]
[Round "2.19"]
[White "Cayllahua, Braulio Idme"]
[Black "Vervoort, Jean-Louis"]
[Result "0-1"]
[WhiteElo "1000"]
[BlackElo "1224"]
[PlyCount "60"]

1. e4 e5 2. Bc4 Nf6 3. f3 Bb4 4. c3 Ba5 5. Ne2 O-O 6. O-O d6 7. a4 Nc6 8. b4
Bb6+ 9. Kh1 a5 10. b5 Ne7 11. d4 exd4 12. cxd4 c6 13. Nbc3 c5 14. d5 Ng6 15.
Bf4 Re8 16. Bg3 Nh5 17. Bf2 Nh4 18. Ng3 Qg5 19. Qc1 Nxg3+ 20. Bxg3 Qh5 21. Rf2
f5 22. Bxd6 Qg6 23. Bg3 Qf6 24. d6+ Kh8 25. Nd5 Qd8 26. Nxb6 Ra7 27. Nxc8 Nxf3
28. gxf3 Qxc8 29. e5 b6 30. e6 Qa8 0-1

[Event "Tournoi Skype 026B"]
[Site "Skype"]
[Date "????.??.??"]
[Round "2.20"]
[White "Cayo, Ana Carolina"]
[Black "Swanepoel, Karel"]
[Result "0-1"]
[WhiteElo "1438"]
[BlackElo "1038"]
[PlyCount "30"]

1. d4 Nf6 2. Nf3 g6 3. Bf4 Bg7 4. e3 O-O 5. Nbd2 Nc6 6. c3 Re8 7. Be2 d6 8. O-O
Ng4 9. Bg5 h6 10. Bh4 g5 11. Nxg5 e5 12. Ngf3 Bf6 13. Bxf6 Nxf6 14. Qc2 e4 15.
Ne1 d5 0-1

[Event "Tournoi Skype 026B"]
[Site "Skype"]
[Date "????.??.??"]
[Round "2.21"]
[White "Perez, Luis Horacio"]
[Black "Le Bouill, Pierre"]
[Result "0-1"]
[WhiteElo "1323"]
[BlackElo "1198"]
[PlyCount "61"]

1. e4 d5 2. e5 d4 3. Bc4 e6 4. Nf3 Ne7 5. d3 g6 6. Bg5 Bg7 7. c3 c5 8. O-O O-O
9. Nbd2 a6 10. a4 Nbc6 11. Ne4 b6 12. Qd2 Qd7 13. Nf6+ Bxf6 14. Bxf6 Nf5 15.
Nh4 Nce7 16. g4 Nxh4 17. Qh6 Nhf5 18. gxf5 Nxf5 19. Qh3 Bb7 20. f3 Qc6 21. Rf2
Ne3 22. Qg3 Nf5 23. Qg4 b5 24. axb5 axb5 25. Rxa8 Rxa8 26. Bb3 Ra1+ 27. Rf1
Rxf1+ 28. Kxf1 Ne3+ 29. Kg1 Nxg4 30. Bd1 Nxf6 31. cxd4 0-1

[Event "Tournoi Skype 026B"]
[Site "Skype"]
[Date "????.??.??"]
[Round "2.22"]
[White "Castellar, Juarez Iorio"]
[Black "Roberts, Mario"]
[Result "1-0"]
[WhiteElo "1294"]
[BlackElo "1000"]
[PlyCount "71"]

1. d4 d5 2. Bf4 e6 3. e3 Bd6 4. Bg3 Bxg3 5. hxg3 Bd7 6. Nf3 b6 7. Nbd2 c5 8. c3
a6 9. Be2 Nc6 10. Qc2 cxd4 11. exd4 b5 12. a3 Nge7 13. Ne5 Nxe5 14. dxe5 Qc7
15. Nf3 Ng6 16. Rh5 h6 17. Kd2 Ne7 18. Rah1 Nf5 19. g4 g6 20. R5h2 Ng7 21. Rxh6
Rxh6 22. Rxh6 O-O-O 23. Rh7 Rg8 24. Bd3 Be8 25. Ke2 Qe7 26. Qd2 f6 27. exf6
Qxf6 28. Qh6 Rf8 29. Rxg7 Qxf3+ 30. gxf3 Rf6 31. Ra7 Kb8 32. Rxa6 Kb7 33. Ra5
Kb6 34. b4 Kc6 35. Qh8 Kd7 36. Bxb5+ 1-0

[Event "Tournoi Skype 026B"]
[Site "Skype"]
[Date "????.??.??"]
[Round "2.23"]
[White "Bustos, Ricardo"]
[Black "Florez Beltran, Leidy Lucila"]
[Result "1-0"]
[WhiteElo "1243"]
[BlackElo "1000"]
[PlyCount "43"]

1. e4 e5 2. Nf3 Nc6 3. Bc4 Bc5 4. O-O Nf6 5. Nc3 d6 6. h3 O-O 7. a3 Re8 8. b4
Bb6 9. Nd5 Nxd5 10. Bxd5 Ne7 11. Bb3 Ng6 12. c3 Bd7 13. d3 Qc8 14. Ng5 Re7 15.
Qh5 h6 16. Nf3 a5 17. bxa5 Rxa5 18. Nh4 Nf4 19. Bxf4 exf4 20. Nf5 Ree5 21.
Qxf7+ Kh7 22. Qxg7# 1-0

[Event "Tournoi Skype 026B"]
[Site "Skype"]
[Date "????.??.??"]
[Round "2.24"]
[White "Tolaro, Filippa"]
[Black "Rivalta, Paolo"]
[Result "0-1"]
[WhiteElo "1000"]
[BlackElo "1440"]
[PlyCount "74"]

1. d4 e6 2. Nf3 d5 3. e3 Nf6 4. Bd3 c5 5. b3 Nc6 6. Bb2 Qb6 7. O-O c4 8. Be2
Bd6 9. Re1 O-O 10. Nbd2 Bb4 11. a3 c3 12. Nc4 dxc4 13. axb4 cxb2 14. Rb1 c3 15.
Qd3 Qxb4 16. Ng5 g6 17. Rbd1 a5 18. Qb5 Bd7 19. Bc4 Nxd4 20. Rxd4 Bxb5 21. g3
a4 22. Red1 axb3 23. Bxb3 Qc5 24. Nf3 Be2 25. Rb1 Bxf3 26. Ba4 b5 27. Bb3 Ra1
28. Ba2 Rxa2 29. Rdd1 Bxd1 30. Kg2 Qd5+ 31. Kh3 Qh5+ 32. Kg2 Ng4 33. Rxd1 Ra1
34. Rxa1 bxa1=Q 35. f4 Qxh2+ 36. Kf3 Qd1+ 37. Ke4 f5# 0-1

[Event "Tournoi Skype 026B"]
[Site "Skype"]
[Date "????.??.??"]
[Round "2.26"]
[White "Conde, Abigail"]
[Black "Vincent, Andre"]
[Result "1-0"]
[WhiteElo "1068"]
[BlackElo "1358"]
[PlyCount "69"]

1. Nf3 Nf6 2. d4 d5 3. e3 e6 4. c4 Bb4+ 5. Nc3 O-O 6. a3 Bxc3+ 7. bxc3 Nbd7 8.
Bd3 c6 9. O-O Re8 10. Ne5 Nxe5 11. dxe5 Nd7 12. Qh5 Nf8 13. e4 d4 14. Bg5 Qd7
15. Rad1 c5 16. cxd4 Qxd4 17. Bh4 Ng6 18. Bg3 b6 19. Kh1 Bb7 20. f4 Bxe4 21.
Be2 Bxg2+ 22. Kxg2 Qe4+ 23. Bf3 Qxc4 24. Kg1 Rad8 25. Bc6 Rf8 26. f5 exf5 27.
Bd7 Qg4 28. Qxf5 Qxf5 29. Rxf5 Ne7 30. Rf3 g6 31. e6 f6 32. h4 h5 33. Bd6 Nf5
34. e7 Nxe7 35. Bxe7 1-0

[Event "Tournoi Skype 026B"]
[Site "Skype"]
[Date "????.??.??"]
[Round "2.27"]
[White "Milanese, Serge"]
[Black "Schnell, Nicolas"]
[Result "0-1"]
[WhiteElo "1311"]
[BlackElo "1006"]
[PlyCount "64"]

1. e4 e5 2. Nf3 Nc6 3. Bc4 Nf6 4. Nc3 Bc5 5. d3 Ng4 6. O-O O-O 7. Ng5 d6 8. Be3
Nd4 9. Nf3 Be6 10. Bxe6 fxe6 11. Ng5 Nf6 12. Bd2 Qd7 13. h4 Qe8 14. Ne2 Nf3+
15. Nxf3 Qg6 16. c3 d5 17. Nxe5 Qh5 18. Nf4 Qxe5 19. Be3 Bd6 20. Qc2 Nh5 21. d4
Qf6 22. Nxh5 Qxh4 23. Ng3 Rf7 24. e5 Be7 25. Nh1 Raf8 26. a4 Rf3 27. Qd2 Qg4
28. Ng3 Bh4 29. gxf3 Rxf3 30. Qe2 Bxg3 31. Kg2 Bxf2+ 32. Kh2 Rh3# 0-1

[Event "Tournoi Skype 026B"]
[Site "Skype"]
[Date "????.??.??"]
[Round "2.28"]
[White "Trapletti, Cosetta"]
[Black "Borg, Anthony"]
[Result "1/2-1/2"]
[WhiteElo "1047"]
[BlackElo "1304"]
[PlyCount "87"]

1. Nf3 c5 2. d3 Nc6 3. Bf4 d5 4. Nbd2 Bf5 5. e3 g6 6. Be2 Bg7 7. Rb1 e5 8. Nxe5
Nxe5 9. d4 cxd4 10. exd4 Nc6 11. c3 Nf6 12. Rc1 O-O 13. O-O Qe8 14. h3 Ne4 15.
Bg4 Bxg4 16. hxg4 Nxd2 17. Qxd2 Qd7 18. f3 Rae8 19. Bh6 Bxh6 20. Qxh6 Re2 21.
Rcd1 Rxb2 22. a3 Ne7 23. Rde1 f5 24. g5 f4 25. Kh2 Nf5 26. Qh3 Qd6 27. Rh1 Qxa3
28. Kg1 Rxg2+ 29. Qxg2 Qxc3 30. Qf2 Ng3 31. Rh4 Nh5 32. Qe2 Qxd4+ 33. Kg2 Ng7
34. Reh1 Nh5 35. Qe6+ Kg7 36. Qe7+ Rf7 37. Qe6 Qd2+ 38. Kh3 Qd3 39. Kg4 Qd2 40.
R1h2 Qd1 41. Rxh5 Qg1+ 42. Rg2 Qxg2+ 43. Kh4 Qh2+ 44. Qh3 1/2-1/2